Expert systems for scientific computing : proceedings of the Second IMACS International Conference on Expert Systems for Numerical Computing, Purdue University, U.S.A., 24-26 April, 1990
Αποθηκεύτηκε σε:
| Συλλογικό Έργο: | , |
|---|---|
| Άλλοι συγγραφείς: | , , |
| Μορφή: | Πρακτικό Συνεδρίου Βιβλίο |
| Γλώσσα: | English |
| Δημοσίευση: |
Amsterdam ; New York, N.Y., U.S.A. :
North-Holland : Distributors for the U.S. and Canada, Elsevier Science Pub. Co.,
1992.
|
| Θέματα: | |
| Ετικέτες: |
Προσθήκη ετικέτας
Δεν υπάρχουν, Καταχωρήστε ετικέτα πρώτοι!
|
MARC
| LEADER | 00000cam a2200000 i 4500 | ||
|---|---|---|---|
| 001 | 1/34139 | ||
| 008 | 941103s1992####ne | ||| |||| ||eng|| | ||
| 020 | |a 0444892265 | ||
| 035 | |l 10039560 | ||
| 035 | |a 1993 |c ΒΙΒΛΙΟΘΗΚΗ | ||
| 040 | |a GR-MyUA |b gre |e AACR2 | ||
| 041 | 0 | |a eng | |
| 082 | 0 | |a 006.33 | |
| 111 | 2 | |a IMACS International Conference on Expert Systems for Numerical Computing |n (2nd : |d 1990 : |c Purdue University) | |
| 245 | 1 | 0 | |a Expert systems for scientific computing : |b proceedings of the Second IMACS International Conference on Expert Systems for Numerical Computing, Purdue University, U.S.A., 24-26 April, 1990 / |c edited by E.N. Houstis, J.R. Rice, R. Vichnevetsky. |
| 260 | |a Amsterdam ; |a New York, N.Y., U.S.A. : |b North-Holland : |b Distributors for the U.S. and Canada, Elsevier Science Pub. Co., |c 1992. | ||
| 300 | |a xi, 461 σ. : |b εικ. ; |c 25 εκ. | ||
| 500 | |a "International Association for Mathematics and Computers in Simulation, Association internationale pour les mathematiques et calculateurs en simulation." | ||
| 504 | |a Περιέχει βιβλιογραφικές αναφορές και ευρετήριο. | ||
| 650 | 0 | 0 | |a Mathematics |x Data processing |x Congresses. |
| 650 | 0 | 0 | |a Numerical analysis |x Data processing |x Congresses. |
| 650 | 0 | 0 | |a Expert systems (Computer science) |x Congresses. |
| 650 | 0 | 0 | |a Software |x Congresses. |
| 700 | 1 | |a Houstis, E. N. |q (Elias N.) |e edt | |
| 700 | 1 | |a Rice, John Rischard, |e edt | |
| 700 | 1 | |a Vichnevetsky, Robert V. |e edt | |
| 710 | 2 | |a International Association for Mathematics and Computers in Simulation. | |
| 852 | |a INST |b SAMOS |e 19941103 |h 006.33 IMA |p 005300003203 |q 005300003203 |t BK |y 0 | ||